000 00571nam a2200217Ia 4500
001 3113
008 180108s1994 ii g b000 u 465 u
020 _a0-85226-355-4
082 _a530
100 _aHalliday, David .
245 0 _aPhysics: Part II /
_cDavid Halliday & Robert Resnick.
_hTextual Documents
250 _a2nd Rev ed. /
260 _aNew Delhi :
_bWilley Eastern Ltd ,
_c1994.
300 _a1214p. ;
_c21cm.
504 _aIndex
653 _aPhysics
653 _aG-Physics
653 _aPG-Physics
700 _aResnick, Robert .
942 _2ddc
_cBK
999 _c3101
_d3101